Franciszek Siarczyński (1758-1829) i jego opis Śląska

Titel: Franciszek Siarczyński (1758-1829) i jego opis Śląska
Verfasser:
In: Śla̜ski labirynt krajoznawczy, Band 6 (1994), Seite 175-187
alle Artikel anzeigen
Veröffentlicht: 1994
Format: Aufsatz
Sprache: Polnisch
Kein Bild verfügbar
X
alg: 39463614
001A    $01999:12-11-16 
001B    $01999:01-06-17 $t17:57:36.000 
001D    $01999:12-11-16 
001U    $0utf8 
001X    $00 
002@    $0Aox 
003@    $0394636147 
007A    $0394636147 $aHEB 
007T    $0Herdww003555 
010@    $apol 
011@    $a1994 
021A    $aFranciszek Siarczyński (1758-1829) i jego opis Śląska 
027A    $aFranciszek Siarczyński (1758-1829) und seine Beschreibung Schlesiens 
028A    $#Rok, Bogdan Jerzy $7103398023 $8Rok, Bogdan$Z1947- [Tp1] $913880351X 
031A    $d6 $h175-187 $j1994 
039B    $aIn $8--Abvc--. Śla̜ski labirynt krajoznawczy. - Wrocław : Sudety, 1989-. - ISSN 0867-0013 $x199400000060000825 $9048583480 
046B    $aParallelt.: Franciszek Siarczyński (1758-1829) und seine Beschreibung Schlesiens 

lok: 39463614 78

exp: 39463614 78 1 #EPN
201B/01 $018-11-16 $t12:13:45.000 
201U/01 $0utf8 
203@/01 $0790746611 
208@/01 $a12-11-16 $be 
209A/01 $a/ $f000 $x00 
220C/01 $aTitelaufnehmer: AH 
220C/01 $aHerkunft: IH UWr 
244Z/01 $2Trx $#Silesia $#Śląsk $#Sliezsko $#Slezsko $8--Trx--Schlesien $x01 $9391173987 
244Z/01 $aGeschichte 1758-1827 $x02 
244Z/01 $2Trx $8--Trx--Siarczyński, Franciszek$Z1758-1829 $x03 $9391100319 
244Z/01 $2Trx $#maade kirjeldused $#žemių surašymai $#Country descriptions $#országleírás $#opisy ziem $#popis zemí $#popisy zemí $8--Trx--Länderbeschreibungen $x04 $9391355007 
244Z/01 $2Trx $8--Trx--Zeitschriftenaufsatz $x05 $9391384341 
247C/01 $82080>Marburg/Lahn, Herder-Institut, Forschungsbibliothek, Bibliographieportal $9336309341
LEADER 00000caa a22000002c 4500
001 394636147
003 DE-603
005 20170601175736.0
007 tu
008 161112s1994 xx |||| | u00||u|pol c
035 |a (DE-599)HEB394636147 
040 |a DE-603  |b ger  |c DE-603  |d DE-603 
041 |a pol 
100 1 |a Rok, Bogdan  |d 1947-  |0 (DE-603)13880351X  |0 (DE-588)103398023  |2 gnd 
245 0 0 |a Franciszek Siarczyński (1758-1829) i jego opis Śląska 
246 0 1 |i Parallelt.  |a Franciszek Siarczyński (1758-1829) und seine Beschreibung Schlesiens 
246 1 3 |a Franciszek Siarczyński (1758-1829) und seine Beschreibung Schlesiens 
264 0 |c 1994 
773 0 8 |i In  |t Śla̜ski labirynt krajoznawczy  |d Wrocław : Sudety, 1989-  |x 0867-0013  |g Band 6 (1994), Seite 175-187  |w (DE-603)048583480  |w (DE-600)1077945-0 
924 0 |9 2080  |a (DE-603)790746611  |b DE-2080  |c HES  |d d  |g /